Arbes Digital Platform jako základ evoluční změny legacy systemů

Hlavné poslanie Arbes Digital Platform (ADP) - poskytnutie komplexného a súčasne flexibilného prístupu pre dekompozíciu monolitických systémov. Modularizácia integračných vrstiev a business logiky ako nevyhnutná cesta pre inovácie zákazníckych riešení, vlastného portfólia služieb a informačných syst...

Full description

Saved in:
Bibliographic Details
Main Author: Kopřiva, David
Format: Book Chapter
Language:Czech
Subjects:
Tags: Add Tag
No Tags, Be the first to tag this record!

MARC

LEADER 00000naa a2200000 4500
001 0288906
005 20240417075220.0
041 0 |a cze 
044 |a CZ 
245 1 0 |a Arbes Digital Platform jako základ evoluční změny legacy systemů  |c David Kopřiva 
520 |a Hlavné poslanie Arbes Digital Platform (ADP) - poskytnutie komplexného a súčasne flexibilného prístupu pre dekompozíciu monolitických systémov. Modularizácia integračných vrstiev a business logiky ako nevyhnutná cesta pre inovácie zákazníckych riešení, vlastného portfólia služieb a informačných systémov. ADP platforma ako business driver. 
610 2 0 |a systémy informačné 
610 2 0 |a systémy komunikačné 
610 2 0 |a technológie nové 
610 2 0 |a dekompozícia 
610 2 0 |a služby 
610 2 0 |a inovácia 
610 2 0 |a zákazníci 
100 1 |a Kopřiva, David